=LDR 00000nam 2200000 4500 =001 INLIS000000000006775 =005 20200603081434 =035 ##$$a 0010-061300000006775 =008 200603################g##########0#ind## =041 ##$$a Ind =082 ##$$a 2x4 =090 ##$$a 2x4, Sir h =100 1#$$a Siregar, Bisman =245 1#$$a Hukum hakim dan keadilan Tuhan, kumpulan catatan hukum dan peradilan di Indonesia, Bismar Siregar, SH /$c Bismar Siregar, SH =260 ##$$a Jakarta :$b Gema Insani Press,$c 1995 =300 ##$$a 188 hlm., ; $c 13 x 21 cm =650 #4$$a Hukum Islam =850 ##$$a NBPNMAT =020 ##$$a 979-561-388-3 =084 ##$$a 2x4 SIR h =250 ##$$a cet.1 =990 ##$$a DW00026606 =990 ##$$a 00086234 =990 ##$$a 00091593